Views on migration in Sub Saharan Africa (Record no. 7755)

MARC details
000 -LEADER
fixed length control field 00562nam a22001817a 4500
003 - CONTROL NUMBER IDENTIFIER
control field OSt
005 - DATE AND TIME OF LATEST TRANSACTION
control field 20220301121941.0
008 - FIXED-LENGTH DATA ELEMENTS--GENERAL INFORMATION
fixed length control field 220301b ||||| |||| 00| 0 eng d
020 ## - INTERNATIONAL STANDARD BOOK NUMBER
International Standard Book Number 0796921652
040 ## - CATALOGING SOURCE
Transcribing agency DDC
082 ## - DEWEY DECIMAL CLASSIFICATION NUMBER
Classification number 380 FIL1995
100 ## - MAIN ENTRY--PERSONAL NAME
Personal name Cross, Catherine
9 (RLIN) 15813
245 ## - TITLE STATEMENT
Title Views on migration in Sub Saharan Africa
Remainder of title : proceedings of an African Migration alliance workshop
260 ## - PUBLICATION, DISTRIBUTION, ETC. (IMPRINT)
Place of publication, distribution, etc. Capetown
Name of publisher, distributor, etc. : Human science research council
Date of publication, distribution, etc. ; 2006
300 ## - PHYSICAL DESCRIPTION
Extent ix, 291p.
Dimensions ; 21 cm
650 ## - SUBJECT ADDED ENTRY--TOPICAL TERM
Topical term or geographic name as entry element Migration - Sub saharan Africa
9 (RLIN) 15814
942 ## - ADDED ENTRY ELEMENTS (KOHA)
Source of classification or shelving scheme Dewey Decimal Classification
Koha item type Book
Holdings
Withdrawn status Lost status Source of classification or shelving scheme Damaged status Not for loan Home library Current library Date acquired Source of acquisition Inventory number Total Checkouts Full call number Barcode Date last seen Price effective from Koha item type
    Dewey Decimal Classification     Faculty of Interdisciplinary Studies Library Faculty of Interdisciplinary Studies Library 01/03/2022 Purchase 11/4545   380 FIL1995 2022-0330 01/03/2022 01/03/2022 Book